Quá trình xâm nhập của Pháp vào Việt Nam từ cuối thế kỷ XVII đến giữa thế kỷ XIX : Nguyên nhân và hệ quả

Phân tích bối cảnh kinh tế, văn hoá - xã hội của Pháp và Việt Nam thế kỷ XVII. Sự thâm nhập của Pháp vào Việt Nam từ giữa thế kỷ XVII đến giữa thế kỷ XIX. Hệ quả quá trình xâm nhập của Việt Nam: Can thiệp quân sự và hệ quả chính trị -...

全面介紹

Đã lưu trong:
書目詳細資料
主要作者: Nguyễn, Mạnh Dũng
格式: 圖書
語言:Undetermined
出版: Hà Nội Đại học Quốc gia Hà Nội 2018
主題:
標簽: 添加標簽
沒有標簽, 成為第一個標記此記錄!
Thư viện lưu trữ: Trung tâm Học liệu Trường Đại học Cần Thơ
LEADER 01253nam a2200241Ia 4500
001 CTU_227045
008 210402s9999 xx 000 0 und d
020 |c 215000 
082 |a 959.7027 
082 |b D513 
100 |a Nguyễn, Mạnh Dũng 
245 0 |a Quá trình xâm nhập của Pháp vào Việt Nam từ cuối thế kỷ XVII đến giữa thế kỷ XIX : 
245 0 |b Nguyên nhân và hệ quả 
245 0 |c Nguyễn Mạnh Dũng 
260 |a Hà Nội 
260 |b Đại học Quốc gia Hà Nội 
260 |c 2018 
520 |a Phân tích bối cảnh kinh tế, văn hoá - xã hội của Pháp và Việt Nam thế kỷ XVII. Sự thâm nhập của Pháp vào Việt Nam từ giữa thế kỷ XVII đến giữa thế kỷ XIX. Hệ quả quá trình xâm nhập của Việt Nam: Can thiệp quân sự và hệ quả chính trị - xã hội. 
650 |a Việt Nam,Vietnam,Việt Nam,Vietnam 
650 |x Lịch sử,History,Lịch sử,History 
650 |y Thế kỷ 18,18th century,Thế kỷ 17,17th century 
910 |b dqhieu 
980 |a Trung tâm Học liệu Trường Đại học Cần Thơ